[Event "DRUZYNOWE MISTRZOSTWA POLSKI - II LIGA 2018"]
[Site "Jastrzebia Gora"]
[Date "1899-12-30"]
[Round "8.65"]
[White "Glatty, Zbigniew"]
[Black "Wasik, Roman"]
[Result "1-0"]
[WhiteTitle "I"]
[BlackTitle "II+"]
[WhiteElo "1823"]
[BlackElo "1483"]

1. e4 c5 2. Nf3 d6 3. d4 cxd4 4. Nxd4 Nf6 5. Nc3 g6 6. Be3 Bg7 7. f3 Nc6 8. Qd2
O-O 9. g4 Nxd4 10. Bxd4 Be6 11. O-O-O Qc7 12. h4 h5 13. gxh5 Nxh5 14. Bxg7 Kxg7
15. Rg1 Rac8 16. Kb1 Qa5 17. Be2 Kh7 18. Rg5 Rc5 19. f4 Rxg5 20. hxg5 f5 21. Bxh5
gxh5 22. Qe2 Kg6 23. exf5+ Qxf5 24. Re1 Rf7 25. Qxe6+ Qxe6 26. Rxe6+ Kf5 27. Re1
h4 28. Nd5 e6 29. Ne3+ Kg6 30. Rf1 h3 31. Kc1 Rh7 32. Ng4 Rh4 33. Nh2 Rh7 34.
Kd2 Rf7 35. Ke3 Kf5 36. Kf3 Rc7 37. Ng4 Rh7 38. Ne3+ Kg6 39. Kg3 d5 40. c3 a5
41. Rh1 d4 42. cxd4 Rd7 43. Rxh3 Rxd4 44. Rh6+ Kf7 45. Rh7+ Kg6 46. Rxb7 1-0

[Event "DRUZYNOWE MISTRZOSTWA POLSKI - II LIGA 2018"]
[Site "Jastrzebia Gora"]
[Date "1899-12-30"]
[Round "8.66"]
[White "Kozubal, Aleksandra"]
[Black "Debowiak, Arleta"]
[Result "0-1"]
[WhiteTitle "I++"]
[BlackTitle "k+"]
[WhiteElo "1754"]
[BlackElo "1889"]

1. d4 d6 2. e4 Nf6 3. Nc3 g6 4. f4 Bg7 5. Nf3 O-O 6. Bd3 Na6 7. O-O c5 8. d5 Rb8
9. Nb5 Nb4 10. c4 a6 11. Nc3 Nxd3 12. Qxd3 b5 13. e5 bxc4 14. Qxc4 Rb4 15. Qd3
dxe5 16. fxe5 Ng4 17. a3 Rb7 18. Re1 Qb6 19. Qc4 h5 20. h3 Nh6 21. Na4 Qb5 22.
Qxb5 Rxb5 23. Be3 Bb7 24. Rad1 Rd8 25. Bxc5 Rxd5 26. Bxe7 Rxd1 27. Rxd1 Bxf3 28.
gxf3 Bxe5 29. b4 Nf5 30. Bg5 Nd4 31. Rd3 Kg7 32. f4 Ne2+ 33. Kf2 Nxf4 34. Bxf4
Bxf4 35. Nc5 a5 36. Rd7 Kf6 37. Nd3 Bb8 38. Ke3 axb4 39. axb4 Ke6 40. Rd8 Bd6
41. Re8+ Kf5 42. Re4 g5 43. Kf3 Rd5 44. Nf2 Rd2 45. Rc4 Rb2 46. Nd3 Rb3 47. Ke2
g4 48. hxg4+ hxg4 49. Rd4 Bh2 50. Rd5+ Kg6 51. b5 f5 52. Rc5 Bb8 53. Rc6+ Kg5
54. Rb6 Ba7 55. Rb7 Bd4 56. Rb8 Kh4 57. Rd8 Bb6 58. Rd5 Kg5 59. Kd2 g3 60. Rd7
Rxb5 61. Rg7+ Kh4 62. Rh7+ Kg4 63. Rg7+ Kf3 64. Ne1+ Kf2 65. Nd3+ Kg2 66. Ne1+
Kf1 67. Rxg3 Ba5+ 0-1

[Event "DRUZYNOWE MISTRZOSTWA POLSKI - II LIGA 2018"]
[Site "Jastrzebia Gora"]
[Date "1899-12-30"]
[Round "8.68"]
[White "Helis, Tadeusz"]
[Black "Krainski, Aleksander"]
[Result "1-0"]
[WhiteTitle "FM"]
[BlackTitle "FM"]
[WhiteElo "2182"]
[BlackElo "2185"]

1. d4 d5 2. Nf3 Nf6 3. c4 c6 4. Nbd2 e6 5. e3 Nbd7 6. Bd3 Be7 7. O-O O-O 8. e4
dxe4 9. Nxe4 b6 10. Bf4 Bb7 11. Nd6 Qc7 12. c5 bxc5 13. Nxb7 Qxb7 14. Qc2 cxd4
15. Nxd4 c5 16. Nf3 Rad8 17. Rfe1 h6 18. a3 Nd5 19. Bg3 N7f6 20. Qe2 Nb6 21. Ne5
Rd4 22. Rad1 Bd6 23. Nf3 Rd5 24. Bh4 Nbd7 25. Bc4 Rxd1 26. Rxd1 Bf4 27. b3 g5
28. Bg3 Bxg3 29. hxg3 Qc7 30. Qd2 Rb8 31. a4 Kg7 32. Bb5 Ne5 33. Qc3 Ng6 34. Rd7
Qb6 35. Ne5 Nxe5 36. Qxe5 Rd8 37. Rxd8 Qxd8 38. Qxc5 a5 39. b4 Qd2 40. bxa5 Qxa5
41. Qe5 Qd8 42. Bf1 Kg8 43. a5 Nd5 44. a6 Qb6 45. Qa1 Qa7 46. Qb2 Nb6 47. Qf6
1-0

[Event "DRUZYNOWE MISTRZOSTWA POLSKI - II LIGA 2018"]
[Site "Jastrzebia Gora"]
[Date "1899-12-30"]
[Round "8.69"]
[White "Krainski, Slawomir"]
[Black "Walkusz, Witoslaw"]
[Result "0-1"]
[WhiteTitle "k"]
[BlackTitle "FM"]
[WhiteElo "2098"]
[BlackElo "2128"]

1. d4 Nf6 2. Nf3 g6 3. Bg5 Ne4 4. Bh4 Bg7 5. Nbd2 d5 6. e3 c5 7. c3 Nxd2 8. Qxd2
cxd4 9. cxd4 Nc6 10. Be2 O-O 11. O-O Re8 12. b4 a6 13. a4 Bg4 14. b5 Na5 15. bxa6
bxa6 16. Rab1 Bf5 17. Rb4 Nc6 18. Rb7 Na5 19. Rxe7 Rxe7 20. Bxe7 Qxe7 21. Qxa5
Qb7 22. Rc1 Bf8 23. h3 Qb2 24. Qd2 Qa3 25. Qd1 Bb4 26. g4 Bd7 27. Ra1 Qc3 28.
Ne5 Be8 29. Bf3 Rd8 30. Rc1 Bxa4 31. Qxa4 Qxc1+ 32. Kg2 a5 33. Bxd5 Qc7 34. Bxf7+
Kg7 35. Bb3 Bd6 36. Nc6 Rf8 37. d5 h5 38. gxh5 gxh5 39. Qxa5 Qf7 40. Qc3+ Kh6
41. Qd2 Qf3+ 0-1

[Event "DRUZYNOWE MISTRZOSTWA POLSKI - II LIGA 2018"]
[Site "Jastrzebia Gora"]
[Date "1899-12-30"]
[Round "8.70"]
[White "Kubica, Kamil"]
[Black "Szczesniak, Andrzej"]
[Result "1-0"]
[WhiteTitle "k"]
[BlackTitle "k"]
[WhiteElo "2153"]
[BlackElo "1934"]

1. d4 d5 2. c4 c6 3. cxd5 cxd5 4. Nc3 Nf6 5. f3 e6 6. e4 Nc6 7. e5 Nd7 8. f4 Be7
9. Nf3 f5 10. Be3 Nb6 11. Bd3 Bd7 12. O-O a6 13. Nd2 Qc7 14. Rc1 O-O-O 15. a3
Kb8 16. b4 Nc4 17. Bxc4 dxc4 18. d5 Bxb4 19. axb4 Nxb4 20. d6 Qc8 21. Bb6 1-0

[Event "DRUZYNOWE MISTRZOSTWA POLSKI - II LIGA 2018"]
[Site "Jastrzebia Gora"]
[Date "1899-12-30"]
[Round "8.71"]
[White "Sciborowski, Miroslaw"]
[Black "Rawski, Slawomir"]
[Result "1-0"]
[WhiteTitle "k"]
[BlackTitle "FM"]
[WhiteElo "1964"]
[BlackElo "2126"]

1. d4 d5 2. Nf3 c6 3. g3 Bg4 4. Bg2 Nd7 5. O-O e6 6. c4 Bd6 7. Nc3 f5 8. Qb3 Rb8
9. Ng5 Qf6 10. cxd5 exd5 11. e4 fxe4 12. Ngxe4 dxe4 13. Nxe4 Qg6 14. Nxd6+ Qxd6
15. Bf4 Qxd4 16. Rfe1+ Ne7 17. Bxb8 Nxb8 18. Qxb7 O-O 19. Rxe7 Qxf2+ 20. Kh1 Qd4
21. Qb3+ Kh8 22. Qf7 Qf6 23. Qxf6 gxf6 24. h3 Bd7 25. Rd1 Bf5 26. g4 Bg6 27. Rxa7
h5 28. b4 hxg4 29. hxg4 Bf7 30. Rxf7 Rxf7 31. Rd8+ Kg7 32. Rxb8 Ra7 33. Bxc6 Rxa2
34. b5 Kg6 35. b6 Kg5 36. Ra8 1-0

[Event "DRUZYNOWE MISTRZOSTWA POLSKI - II LIGA 2018"]
[Site "Jastrzebia Gora"]
[Date "1899-12-30"]
[Round "8.72"]
[White "Smarsz, Agata"]
[Black "Pacuszka, Wioletta"]
[Result "1-0"]
[WhiteTitle "m"]
[BlackTitle "I++"]
[WhiteElo "2109"]
[BlackElo "1902"]

1. e4 c5 2. Nf3 e6 3. d4 cxd4 4. Nxd4 a6 5. Bd3 Nf6 6. O-O Qc7 7. Qe2 d6 8. c4
Be7 9. Nc3 O-O 10. Be3 Nc6 11. Nxc6 bxc6 12. f4 Qa5 13. h3 Rb8 14. Rac1 Re8 15.
b3 d5 16. e5 Bb4 17. exf6 Bxc3 18. fxg7 d4 19. Bf2 e5 20. fxe5 Qxe5 21. Qxe5 Rxe5
22. Bg3 Re3 23. Bxh7+ Kxh7 24. Bxb8 Kxg7 25. Ba7 Rg3 26. Kh2 Rg5 27. Rcd1 c5 28.
Bb6 Bb4 29. g4 Rg6 30. Bc7 Re6 31. Bg3 Re3 32. Rf2 Be6 33. Bf4 Re4 34. Bd2 Ba3
35. Re1 Rxe1 36. Bxe1 Kg6 37. Kg3 Bc1 38. Bd2 Ba3 39. h4 Bd7 40. h5+ Kg7 41. h6+
Kg6 42. h7 1-0